000 00582nam a2200193Ia 4500
005 20260120124557.0
008 008 260114s9999 xx 000 0 eng d
020 _a9781780520063
037 _aEBOOK
040 _aCRL
_beng
_cCRL
041 _aeng
_2eng
084 _qCRL
245 0 _aResearch in the History of Economic Thought and Methodology
260 _bEmerald Publishing
_c2011
700 _aRoss B. Emmett
_9907962
856 _uhttps://www.emerald.com/insight/publication/doi/10.1108/S0743-4154(2011)29_Part_1
942 _cEBOOK
999 _c1499851
_d1499851